000 01134nam a22003737a 4500
001 BR2019000145
003 BR-BrBNA
005 20230928105409.0
007 ta
008 230509b bl.||||| |||| 00| 0 por d
040 _aBR-BrBNA
_bpor
_cBiblioteca Nacional de Agricultura
041 _a(Por)
072 _aE13
090 _ E13 BR2019000145
100 1 _aLirio, V.S. (ed.)
100 1 _aGomes, M.F.M. (ed.)
110 1 _aUniversidade Federal de Viçosa, MG (Brasil). Depto. de Economia Rural
111 1 _a12. Seminário Internacional de Política Econômica
_cViçosa, MG (Brazil)
_d25-26 Oct 2000
245 1 _aInvestimento privado, público e mercado de commodities
260 3 _aViçosa, MG (Brasil):
_c2000.
300 _a316 p.
500 _aIncludes several bibliographies
650 _aINVESTIMENTO
650 _aAGRONEGÓCIO
650 _aSETOR PRIVADO
650 _aSETOR PÚBLICO
650 _aPRODUÇÃO
650 _aFINANCIAMENTO
650 _aCOMERCIALIZAÇÃO
650 _aMERCADO NACIONAL
650 _aMERCADO INTERNACIONAL
909 _a202309
_bLucia
_c55
_dLucia Elande
942 _cBK
999 _c84966
_d84966